000 01490cam a22003371a 4500
001 agr65000353
003 DLC
005 20260227111024.0
008 750120s1965 dcu s f000 0 eng
010 _aagr65000353
035 _a(OCoLC)1145544
040 _aDLC
_cNhD
_dDNAL
_dUU
_dDLC
042 _apremarc
043 _an-us---
050 0 0 _aHD1751
_b.A5 no. 362
070 0 _a1
_bAg84St no.362
072 0 _aE700
086 0 _aA 1.34:362
245 0 0 _aConversion factors and weights and measures for agricultural commodities and their products /
_c[compiled by a Task Force on Conversion Factors and Weights and Measures].
260 _aWashington, D.C. :
_bU.S. Dept. of Agriculture, Economic Research Service,
_c1965.
300 _a87 p. ;
_c26 cm.
490 1 _aStatistical bulletin / United States Department of Agriculture ;
_vno. 362
500 _aCover title.
500 _aRevision of earlier report by U.S. Production and Marketing Administration, published in 1952 under same title.
500 _aChiefly tables.
650 0 _aProduce trade
_zUnited States
_vStatistics.
650 0 _aFood industry and trade
_zUnited States
_vStatistics.
710 1 _aUnited States.
_bDepartment of Agriculture.
_bEconomic Research Service.
710 1 _aUnited States.
_bProduction and Marketing Administration.
_tConversion factors and weights and measures for agricultural commodities.
830 0 _aStatistical bulletin (United States. Department of Agriculture) ;
_vno. 362.
999 _c12034
_d12034